| 000 | 00458nam a2200181Ia 4500 | ||
|---|---|---|---|
| 008 | 210210b1993 xxu||||| |||| 00| 0 eng d | ||
| 041 | _aeng | ||
| 082 | _a030 GREA | ||
| 100 | _aGreat Books | ||
| 245 | _aGreat books of western world.60V. V 22-Rabelais. | ||
| 250 | _a | ||
| 260 |
_aChicago. _bEncyclopaedia Britanica, Inc, William Benton., _c1993 |
||
| 300 | _a318 | ||
| 440 | _a22 | ||
| 650 | _aRabelais | ||
| 690 | _aEncyclopaedia | ||
| 906 | _a049161 | ||
| 999 |
_c98266 _d98266 |
||